zpět

Detail výsledku týmu

The Pub Praha 2 PO, Praha

Datum a čas kvízu

32 Celkem bodů Celkový počet nahraných bodů na tomto kvízu bez doplňovacích otázek.
7. Pořadí na kvízu Konečné umístění týmu na tomto kvízu.

Zaznamenané odpovědi

# Otázka Odpověď Body Výsledky
1. Bývalý premiér Jiří Paroubek s... Nespokojení 0
2. Ukrajinská pošta vydala k přip... Banksy 1
3. Ve středu měl premiéru rodinný... Děti Nagana 1
4. Jistá země nakoupila nedávno n... B 1
5. Výsledek úvodního zápasu osmif... 2:5, Real Madrid 0
6. Téma o dezertech vyhrálo minul... z Portugalska 1
7. Jak se nazývá dezert v podobě... B) Pečená Aljaška, z Francie 0
8. Jak se jmenovala tato žena, če... Magdalena Dobromila Rettigová 1
9. Ze kterého města, které je dom... ze Salcburku 0
10. Koupil jsem v cukrárně ___, sl... Lence 0